000 00978cam a2200265 a 4500
999 _c528302
_d528302
001 2464559
003 NUST
005 20190905111136.0
008 900301s1989 dcu 000 0 eng
010 _a 89621991
038 _aMSOHAIL
040 _aDLC
_cDLC
_dDLC
043 _an-us---
050 0 0 _aTE23
_b.A66 1989
082 0 0 _a625.7
_220
_bAAS
110 2 _aAmerican Association of State Highway and Transportation Officials.
_bHighway Subcommittee on Design.
_920012
245 1 2 _aA policy on design standards
_cprepared by the AASHTO Highway Subcommittee on Design.
260 _aWashington, D.C. (444 N. Capitol St., N.W., Suite 225) :
_bAASHTO,
_cc1971.
300 _aiv, 15 p. ;
_c23 cm.
500 _a"December 1988."
650 0 _aInterstate Highway System
_xDesign and construction
_xStandards.
_920013
650 0 _aRoads
_xDesign and construction
_xStandards
_zUnited States.
_920014
906 _a7
_bcbc
_corignew
_d3
_encip
_f19
_gy-gencatlg
942 _2ddc
_cBK